| 000 | 00540nam a22001577a 4500 | ||
|---|---|---|---|
| 003 | macl | ||
| 005 | 20231108123411.0 | ||
| 008 | 231108b |||||||| |||| 00| 0 eng d | ||
| 040 | _cmacl | ||
| 082 | _a320 | ||
| 100 | _aरामचंद्र गुहा | ||
| 245 | _aगांधी भारत से पहले शुरुआती जीवन और राजनीति सफर | ||
| 260 |
_aभारत _bपेंगुइन बुक्स _c2015 |
||
| 651 |
_aराजनीतिे _961143 |
||
| 942 |
_2ddc _cHIN |
||
| 999 |
_c66383 _d66383 |
||